Normal view
MARC view
- Best, James D
Entry Personal Name
001 - CONTROL NUMBER
- control field: 61201
003 - CONTROL NUMBER IDENTIFIER
- control field: NUST
005 - DATE AND TIME OF LATEST TRANSACTION
- control field: 20210628202717.0
008 - FIXED-LENGTH DATA ELEMENTS
- fixed length control field: 210628|| aca||aabn | a|a d
040 ## - CATALOGING SOURCE
- Original cataloging agency: NUST
- Transcribing agency: NUST
100 ## - HEADING--PERSONAL NAME
- Personal name: Best, James D
670 ## - SOURCE DATA FOUND
- Source citation: Work cat.: (NUST): Best, James D, The digital organization, allied signal's success with business technology, 1997
